000 00526nam a22001817a 4500
020 _a9789386085399
082 _a907.2
_bSHI/L
245 _aLocal History:
_bquest for theoreis and method/
_cby Shinas A M (ed.) and Vincent P J (ed.)
260 _aKottayam:
_bSahithya Pravarthaka Cooperative Society,
_c2016.
300 _a96p.
650 _aHistorical Research
650 _aHistoriography
650 _aLocal History
650 _aHistory
700 _aShinas A M (ed.)
700 _aVincent P J (ed.)
942 _cBK
999 _c180263
_d180263